Separatism in North-East India: (Record no. 56385)

MARC details
000 -LEADER
fixed length control field 00858nam a22002177a 4500
005 - DATE AND TIME OF LATEST TRANSACTION
control field 20110906120010.0
010 ## - LCCN (DPL NO)
LC control number G-001384
020 ## - INTERNATIONAL STANDARD BOOK NUMBER
Terms of availability 120.00
International Standard Book Number 8189622331
035 ## - SYSTEM CONTROL NUMBER
System control number G-001384
037 ## - SOURCE OF ACQUISITION
Source of stock number/acquisition Gift
082 ## - DEWEY DECIMAL CLASSIFICATION NUMBER
Classification number 303.6250954
100 ## - MAIN ENTRY--PERSONAL NAME
Personal name Ghosh, Kunal
245 ## - TITLE STATEMENT
Title Separatism in North-East India:
Statement of responsibility, etc by Kunal Ghosh with Vikas Kumar
Remainder of title role of religion, language and script /
260 ## - PUBLICATION, DISTRIBUTION, ETC. (IMPRINT)
Place of publication, distribution, etc New Delhi
Name of publisher, distributor, etc Suruchi Prakashan
Date of publication, distribution, etc 2008
270 ## - ADDRESS
Address Keshav Kunj, Jhandewala
City New Delhi
Postal code 110055
300 ## - PHYSICAL DESCRIPTION
Extent xviii, 247p.
Dimensions 23cm(pbk)
700 ## - ADDED ENTRY--PERSONAL NAME
Personal name Vikas Kumar
9 (RLIN) 34493
942 ## - ADDED ENTRY ELEMENTS (KOHA)
Source of classification or shelving scheme Dewey Decimal Classification
Item type English Books
Classification part 303.6250954
Call number suffix GHO
Holdings
Withdrawn status Lost status Not for loan Collection code Home library Current library Date acquired Source of acquisition Cost, normal purchase price Full call number Barcode Copy number Cost, replacement price Koha item type
      Non-fiction Janak Puri Janak Puri 06/09/2011 gift 120.00 303.6250954 GHO G-001384 1 120.00 English Books

© Delhi Public Library
Hit Counter
free hit counter